000 00303nam a22001337a 4500
008 170419b xxu||||| |||| 00| 0 eng d
020 _a9780195091311
041 _aeng
080 _a573
100 _a11
101 _aSHM
245 _aBACULOVIRUS EXPRESSION VECTORS
_cO'REILLY, D.R
942 _2udc
_cBK
999 _c11306
_d11306